Marx y su concepto del hombre. karl Marx: manuscritos económico-filosóficos / Erich Fromm ; traducido por Julieta Campos
Guardado en:
| Hovedforfatter: | |
|---|---|
| Format: | Bog |
| Sprog: | Undetermined |
| Udgivet: |
México, Distrito Federal
Fondo de Cultura Económica
1962
|
| Fag: | |
| Tags: |
Tilføj Tag
Ingen Tags, Vær først til at tagge denne postø!
|
MARC
| LEADER | 00000nam a2200000Ia 4500 | ||
|---|---|---|---|
| 008 | 170316s9999 xx 000 0 und d | ||
| 090 | |a 100 F-35m | ||
| 100 | |a Fromm, Erich | ||
| 245 | |a Marx y su concepto del hombre. karl Marx: manuscritos económico-filosóficos / Erich Fromm ; traducido por Julieta Campos | ||
| 260 | |a México, Distrito Federal | ||
| 260 | |b Fondo de Cultura Económica | ||
| 260 | |c 1962 | ||
| 300 | |a 256 páginas | ||
| 650 | |a FILOSOFÍA | ||
| 650 | |a KARL MARX | ||
| 650 | |a ECONOMÍA | ||
| 650 | |a HOMBRE | ||
| 650 | |a ÉTICA | ||
| 999 | |c 16210 |d 16210 | ||
| 040 | |a cru BVZT | ||
| 942 | |c 15 D |h 100 F-35m |2 z | ||
